000 00803cam a2200205 a 4500
001 000006936
005 20200929154027.0
008 080624s2002 mx ab b f001 0 spa
020 _a9701881974
_z9789701881974
040 _aDO-SdBNP
_cDLC
082 _a923.272
_bG152R
100 1 _aRíos Ruiz, Arturo,
_d1947-
_919242
245 1 0 _aDe la nobleza europea :
_bel príncipe Hermenegildo Galeana : lo desconocido del héroe de la independencia de México /
_cArturo Ríos Ruiz.
246 1 4 _aPríncipe Hermenegildo Galeana
260 _aMéxico :
_bInstituto Politécnico Nacional,
_c2002.
300 _a253 p. :
_bil., maps ;
_c21 cm.
504 _aIncluye referencias bibliográfica (p. 233-235).
600 1 0 _aGALEANA, HERMENEGILDO,
_d1762-1814
_xFAMILIA.
_919243
910 _aCatalogación por copia / LC
999 _c6720
_d6720